000 00406nam a2200181Ia 4500
005 20251020182541.0
008 200515s9999 xx 000 0 und d
082 _a741/M26
100 _aMARTINEZ, Arturo BERNAL, Jesús
245 0 _aDibujo, Bachillerato
260 _aMadrid
260 _c1985
300 _a173
500 _a1 ejemplar
650 _aDIBUJO TECNICO
650 _aLIB
942 _cLIB
999 _c2412
_d2412